00852 2200277 4500001002100000005001700021008004100038020001800079035002400097082001000121090001700131100001600148245013900164250001000303260003900313300003100352440004000383500003100423650003400454700002000488850001500508980001500523985000600538999001500544999001500559YOGYA-0209000003680720090227025156.0 ind  a979-694-771-4 0010-020900000036807 a658.3 a658.3bRae U aRAE, Leslie aUsing evaluation in training and developmentbTeknik mengevaluasi pelatihan dan pengembangancLeslie Rae ; alih bahasa Mah Alex Hadjid aCet.1 aJakartabBhuana Ilmu Populerc2005 axiii, 305 hlmbilusc24 cm aThe art of training and development aBibliografi : hlm. 304-305 aManajemen Sumber Daya Manusia ahajid, Mah Alex aYOPDYOG(B) a03-19-2006 a2 a05B0008043 a05B0008044